这是哪国中餐?Which country's Chinese food is this? - Statistics

General Stats
  • This quiz has been taken 30 times
  • The average score is 6 of 12
Answer Stats
名称 图片 国家 % Correct
左宗棠鸡 美国
90%
炸酱面 韩国
79%
肉骨茶 马来西亚/新加坡
79%
天津饭 日本
69%
叻沙 马来西亚/印度尼西亚/新加坡
69%
海南鸡饭 新加坡/马来西亚
62%
(炒)杂碎 美国
52%
鸡肉丸 英国/加拿大 等
45%
春卷/润饼 印度尼西亚/菲律宾
14%
肉羹面 菲律宾
10%
满洲花椰菜 印度
10%
炒码面 韩国
7%
No matching quizzes found
Score Distribution
Percent of People with Each Score
Percentile by Number Answered
Your Score History
You have not taken this quiz